-Ology or -Onomy - Statistics

General Stats
  • This quiz has been taken 34 times
    27 since last reset
  • The average score is 11 of 15
Answer Stats
Question Answer % Correct
Ec- Both
96%
Bi- -ology
96%
Paleont- -ology
96%
The- -ology
92%
Ge- -ology
92%
Seism- -ology
88%
Astr- Both
85%
Arche- -ology
81%
Alch- Neither
73%
Ancestr- Neither
62%
Deuter- -onomy
58%
Aut- -onomy
58%
Therm- Neither
42%
Gastr- -onomy
38%
Tax- Both
31%
No matching quizzes found
Score Distribution
Percent of People with Each Score
Percentile by Number Answered
Your Score History
You have not taken this quiz since the last reset